| 000 | 02374cam a2200613Ia 4500 | ||
|---|---|---|---|
| 001 | ocm76935898 | ||
| 003 | OCoLC | ||
| 005 | 20100830043723.0 | ||
| 008 | 071015s2007 enk b 001 0 eng | ||
| 006 | m d | ||
| 007 | cr ||||||||||| | ||
| 010 | _a 2007310262 | ||
| 040 |
_aUk _cUKM _dDLC _dBAKER _dBTCTA _dBWKUK _dYDXCP _dWUL _dIG# _dGEBAY _dCDX |
||
| 015 |
_aGBA6A2282 _2bnb |
||
| 016 | 7 |
_a013618708 _2Uk |
|
| 019 | _a171140630 | ||
| 020 | _a9780521835749 (hbk.) | ||
| 020 | _a0521835747 (hbk.) | ||
| 020 | _a0511273568 | ||
| 020 | _a9780511273568 | ||
| 029 | 1 |
_aNLGGC _b301083886 |
|
| 029 | 1 |
_aAU@ _b000041899107 |
|
| 029 | 1 |
_aNZ1 _b11149114 |
|
| 029 | 1 |
_aIG# _b9780521835749 |
|
| 029 | 1 |
_aGEBAY _b9762432 |
|
| 029 | 1 |
_aCDX _b5471023 |
|
| 035 |
_a(OCoLC)76935898 _z(OCoLC)171140630 |
||
| 042 | _alccopycat | ||
| 050 | 0 | 0 |
_aK3247 _b.X36 2007 |
| 082 | 0 | 4 |
_a341.4852 _222 |
| 049 | _aSZTA | ||
| 100 | 1 | _aXanthaki, Alexandra. | |
| 245 | 1 | 0 |
_aIndigenous rights and United Nations standards : _bself-determination, culture and land / _cAlexandra Xanthaki. |
| 260 |
_aCambridge, UK ; _aNew York : _bCambridge University Press, _c2007. |
||
| 300 |
_axxxix, 314 p. ; _c24 cm. |
||
| 490 | 1 | _aCambridge studies in international and comparative law | |
| 504 | _aIncludes bibliographical references (p. 286-305) and index. | ||
| 650 | 0 |
_aIndigenous peoples _xCivil rights. |
|
| 610 | 2 | 7 |
_aVereinte Nationen _2swd |
| 650 | 0 | 7 |
_aUreinwohner _2swd |
| 650 | 0 | 7 |
_aBürgerrecht _2swd |
| 650 | 0 | 7 |
_aRechtsstatus _2swd |
| 830 | 0 | _aCambridge studies in international and comparative law (Cambridge, England : 1996) | |
| 856 | 4 | 2 |
_3Contributor biographical information _uhttp://www.loc.gov/catdir/enhancements/fy0803/2007310262-b.html |
| 856 | 4 | 2 |
_3Publisher description _uhttp://www.loc.gov/catdir/enhancements/fy0803/2007310262-d.html |
| 856 | 4 | 1 |
_3Table of contents only _uhttp://www.loc.gov/catdir/enhancements/fy0803/2007310262-t.html |
| 938 |
_aBaker & Taylor _bBKTY _c105.00 _d105.00 _i0521835747 _n0006904899 _sactive |
||
| 938 |
_aYBP Library Services _bYANK _n2445646 |
||
| 938 |
_aBaker and Taylor _bBTCP _n2007310262 |
||
| 938 |
_aIngram _bINGR _n9780521835749 |
||
| 938 |
_aCoutts Information Services _bCOUT _n5471023 |
||
| 994 |
_aC0 _bSZT |
||
| 999 |
_c930 _d930 |
||